[Event "7th Sinquefield Cup GCT 2019"]
[White "Carlsen, Magnus"]
[Black "Giri, Anish"]
[Site "Saint Louis"]
[Round "1.1"]
[Annotator "TA"]
[Result "1/2-1/2"]
[Date "2019.08.17"]
[WhiteElo "2882"]
[BlackElo "2779"]
[PlyCount "71"]

1. c4 {
} Nf6 2. Nc3 e5 3. Nf3 Nc6 4. e4 Bb4 5. d3 d6 6. Be2 {A28: English
Opening: Four Knights Variation} (6. a3 Bc5 7. b4 Bb6 8. Na4 Bg4 9. Be2 Nd7 10. Nxb6 axb6 11. Bb2 0-0 12. h3 Bxf3 13. Bxf3 Nd4 {1-0 (49) Nakamura,H (2746)
-Sevian,S (2642) Saint Louis 2019} )Bg4 7. a3 Bc5 8. b4 $146 ({
Predecessor:} 8. 0-0 a5 9. h3 Be6 10. Be3 Nd4 11. Bxd4 exd4 12. Nb5 Nh5 13. Nfxd4 Bxd4 14. Nxd4 {1-0 (57) Jurcik,M (2466)-Karas,M (2170) Slovakia 2015} )Bb6 9. Be3 Bxf3 10. Bxf3 Nd4 11. Na4 Nxf3+ 12. Qxf3 Bxe3 13. Qxe3 0-0 14. 0-0 Re8 15. Nc3 a5 16. b5 c6 17. Rab1 d5 18. Na4 Qe7 19. bxc6 {The position is
equal.} bxc6 20. cxd5 cxd5 21. Nb6 Rad8 22. Rb5 {} Qxa3 23. exd5 e4 24. dxe4 Qxe3 25. fxe3 Rxe4 26. Rxa5 Rb4 27. Ra8 Rxa8 28. Nxa8 Nxd5 $11 {
 Endgame KRN-KRN} 29. Rd1 {[#] Strongly threatening Nc7.} Rb8 $1 30. Rxd5 {Black must now prevent Nc7.} Rxa8 {KR-KR} 31. Kf2 Kf8 32. Kf3 h6 33. Kf2 Ra2+ 34. Kf3 Ra8 35. Kf2 Ra2+ 36. Kf3 {Accuracy: White = 77%, Black = 85%.} 1/2-1/2

[Event "7th Sinquefield Cup GCT 2019"]
[White "Nakamura, Hikaru"]
[Black "Caruana, Fabiano"]
[Site "Saint Louis"]
[Round "1.2"]
[Annotator "TA"]
[Result "1/2-1/2"]
[Date "2019.08.17"]
[WhiteElo "2743"]
[BlackElo "2818"]
[PlyCount "85"]

1. e4 {} e5 2. Nf3 Nc6 3. Bb5 a6 4. Ba4 Nf6 5. 0-0 Nxe4 6. d4 Be7 7. Re1 b5 8. Rxe4 {C84: Closed Ruy Lopez: Unusual White
6th moves} d5 9. Nxe5 Nxe5 10. Rxe5 {[#] Bb3 is the strong threat.White is
slightly better.} bxa4 11. b3 (11. Qe1 {looks sharper.} c6 12. Nc3 a3 13. b3 f6 14. Re3 )Be6 12. Ba3 Bxa3 13. Nxa3 0-0 14. Nb1 Qd6 15. Nc3 axb3 16. axb3 c5 $146 17. Ne2 f6 18. Re3 {[#] And now dxc5 would win.} c4 19. Ng3 cxb3 20. cxb3 g6 21. Qf3 Bf7 22. h3 Rfe8 23. Rxe8+ Rxe8 24. Qd3 Re6 25. Nf1 Qb6 26. Ne3 Rc6 27. h4 Kg7 28. h5 Qb4 29. Ng4 Be6 30. h6+ Kf7 31. Ne3 a5 32. Qd1 {The
position is equal.} Rc3 $132 { Black is not keeping still} 33. Ra4 Qxb3 34. Qxb3 Rxb3 35. Rxa5 $11 { Endgame Strongly threatening Ra7+.
KRB-KRN} g5 36. Ra7+ Kg6 37. Ra6 Kf7 38. g4 Rb4 39. Ra7+ Kg6 40. Ra6 Kf7 41. Ra7+ Kg6 42. Ra6 Kf7 43. Ra7+ {Accuracy: White = 73%, Black = 84%.} 1/2-1/2

[Event "7th Sinquefield Cup GCT 2019"]
[White "Ding, Liren"]
[Black "So, Wesley"]
[Site "Saint Louis"]
[Round "1.3"]
[Annotator "TA"]
[Result "1/2-1/2"]
[Date "2019.08.17"]
[WhiteElo "2805"]
[BlackElo "2776"]
[PlyCount "79"]

1. c4 {} Nf6 2. g3 e6 3. Bg2 d5 4. Nf3 Be7 5. 0-0 0-0 6. d4 dxc4 7. Qc2 a6 8. a4 c5 9. dxc5 Bxc5 {E05: Open Catalan: 5 Nf3 Be7} 10. Qxc4 b6 11. Ne5 Ra7 $1 12. Nd3 Be7 13. Bf4 Bb7 14. Bxb7 Rxb7 15. Rc1 Nd5 {[#]} 16. Be5 $146 ({Predecessor:} 16. Bxb8 b5 17. axb5 axb5 {1/2-1/2 (39) Aronian,L (2794)
-Hou,Y (2654) Karlsruhe/Baden-Baden 2018} )Bd6 {[#] Strongly threatening
...Rc7.} 17. Nd2 Bxe5 18. Nxe5 b5 19. Qd4 bxa4 20. Rxa4 Qb6 21. Nd3 Rd8 22. Ne4 Nd7 23. Nec5 Nxc5 24. Rxc5 Nf4 25. Qxf4 {[#] And now Rb4 would win.} Rxd3 $1 26. Rc8+ Rd8 {The position is equal.} 27. Rac4 {White threatens R4c7 and mate.} h6 $1 28. R4c6 Rxc8 29. Rxc8+ $11 { Endgame KQR-KQR} Kh7 30. Qe4+ f5 31. Qc4 Qb3 32. Qxb3 Rxb3 {KR-KR} 33. Rc6 Rxb2 34. Rxe6 a5 35. Ra6 Rxe2 36. Rxa5 Kg6 37. Ra6+ Kh7 38. Ra5 Kg6 39. Ra6+ Kh7 40. Ra5 {Accuracy: White = 67%,
Black = 50%.} 1/2-1/2

[Event "7th Sinquefield Cup GCT 2019"]
[White "Aronian, Levon"]
[Black "Vachier-Lagrave, Maxime"]
[Site "Saint Louis"]
[Round "1.4"]
[Annotator "TA"]
[Result "1/2-1/2"]
[Date "2019.08.17"]
[WhiteElo "2765"]
[BlackElo "2778"]
[PlyCount "50"]

1. d4 {} Nf6 2. Nf3 g6 3. Nbd2 d5 4. e3 Bg7 5. b4 a5 (5... 0-0 6. Bb2 c6 7. c4 Nbd7 8. a4 Ne4 9. cxd5 Nxd2 10. Qxd2 cxd5 11. Bd3 Nf6 12. 0-0 Ne4 13. Qe2 Nd6 14. Rfc1 Bf5 15. Bxf5 gxf5 {1-0 (47)
Sargissian,G (2689)-Kovalev,V (2683) St Petersburg 2018} )6. b5 {D02: 1 d4 d5
2 Nf3 sidelines, including 2...Nf6 3 g3 and 2...Nf6 3 Bf4} c5 7. bxc6 Nxc6 8. Be2 {White has an edge.} 0-0 9. 0-0 Bf5 10. c3 Qc7 $146 ({Predecessor:} 10... a4 11. Ba3 Qa5 12. c4 Nb4 {0-1 (12) Morovic Fernandez,I (2535)-Aguero Jimenez,
L (2457) Matanzas 2017} )11. a4 e5 12. Ba3 {Black should prevent dxe5.} Rfc8 13. Rc1 e4 14. Nh4 Be6 {[#] Threatens to win with ...g5.} 15. g3 g5 16. Ng2 Qd7 17. f3 exf3 18. Bxf3 Bf5 19. Qb3 Bd3 20. Rf2 Qe6 21. Qd1 b6 22. Nf1 Be4 23. Nd2 Bd3 24. Nf1 Be4 25. Nd2 Bd3 {Accuracy: White = 57%, Black = 63%.} 1/2-1/2

[Event "7th Sinquefield Cup GCT 2019"]
[White "Nepomniachtchi, Ian"]
[Black "Anand, Viswanathan"]
[Site "Saint Louis"]
[Round "1.5"]
[Annotator "TA"]
[Result "0-1"]
[Date "2019.08.17"]
[WhiteElo "2774"]
[BlackElo "2756"]
[PlyCount "154"]

1. c4 {} e5 2. Nc3 Bb4 3. Nd5 Be7 4. Nf3 d6 5. d4 Nf6 (5... e4 6. Nd2 f5 7. Nb1 c6 8. Nxe7 Nxe7 9. Nc3 0-0 10. e3 Be6 11. Be2 Nd7 12. b3 d5 13. a4 a5 {1-0 (41) Inarkiev,E (2727)-Bologan,V 
(2640) Poikovsky 2017} )6. Nc3 $146 {A21: English Opening: 1...e5 2 Nc3} ({
Predecessor:} 6. Nxe7 Qxe7 7. e3 e4 8. Nd2 0-0 9. Be2 c5 10. d5 Bf5 11. g4 Bg6 12. h4 h6 13. b3 {1-0 (45) Aleksandrov,A (2582)-Ameir,M (2309) Chennai 2019} )exd4 7. Nxd4 d5 8. Bf4 {The position is equal.} 0-0 9. e3 a6 10. Nf3 {
} c6 11. cxd5 Nxd5 12. Nxd5 Qxd5 13. Qxd5 cxd5 14. 0-0-0 Nc6 15. Bg5 f6 16. Bf4 Be6 17. Kb1 Rac8 18. a3 Rfd8 (18... g5 $5 19. Bg3 $8 f5 $11 )19. Bd3 Bc5 (19... g5 $5 20. Bg3 $8 Bc5 $11 )20. Rhe1 Kf7 21. Bg3 ({Much worse is} 21. Bxh7 g6 $19 )Bb6 22. Bc2 ({Much weaker is} 22. Bxh7 g6 $17 )h5 23. h3 Ne7 24. Bb3 g5 25. h4 g4 $1 {} 26. Nd4 Bxd4 $1 27. Rxd4 Nc6 28. Rf4 d4 29. Bxe6+ Kxe6 30. exd4+ Kf7 31. f3 gxf3 32. Rxf3 Nxd4 33. Rf4 Ne6 34. Rf3 Nd4 35. Rf4 Nb3 36. Bf2 Rc4 { Decoy} 37. Rxc4 Nd2+ {
Double Attack} 38. Kc2 Nxc4 $11 { Endgame KRB-KRN} 39. Re2 Ne5 40. Be1 Ke6 41. a4 Rd6 42. g3 Kf5 43. Rf2+ Kg4 44. Rf4+ Kh3 {Strongly threatening .
..Nd3.} 45. Rf1 (45. Rf5 $1 $11 {was the only way to keep the balance.} )Rc6+ $17 46. Kb1 {[#]} Re6 $1 47. Rf5 Ng6 48. Bf2 Kg4 49. Rd5 Ne5 50. Rd4+ (50. b4 $17 )Kh3 $19 51. Rd5 Re7 52. Kc2 Ng4 (52... Rd7 $19 53. Rxd7 Nxd7 )53. Bb6 $17 Rh7 54. Rd3 Ne5 55. Rb3 Rd7 56. Be3 Nf3 57. Rb6 Kxg3 58. Rxf6 Nxh4 59. b4 Ng2 60. Ba7 h4 61. Kc3 h3 {...Rd8 is the strong threat.} 62. Bb8+ Kg4 63. Rg6+ {[#]} Kh5 $1 {} 64. Rg8 Ne3 65. Rg3 Nd5+ 66. Kb3 Kh4 {
Threatens to win with ...Rd8.} 67. Rg8 Nf6 68. Rg6 Ng4 69. Rg8 {intending Rh8+.
} Rh7 70. Kc4 h2 ({Black should try} 70... Kh5 $19 {White must now prevent ...
h2.} 71. b5 axb5+ 72. Kxb5 Nf6 )71. Bxh2 $1 $15 Nxh2 {KRN-KR} 72. b5 Ng4 {
Hoping for ...Nf6.} 73. Ra8 axb5+ 74. Kxb5 Nf6 75. a5 Nd5 76. Ra7 Kg5 {And now
...Kf5 would win.} 77. Kc4 $2 {} (77. Kc5 $15 )b5+ $1 {
 Discovered Attack. Accuracy: White = 57%, Black = 74%.} 0-1

[Event "7th Sinquefield Cup GCT 2019"]
[White "Karjakin, Sergey"]
[Black "Mamedyarov, Shakhriyar"]
[Site "Saint Louis"]
[Round "1.6"]
[Annotator "TA"]
[Result "1/2-1/2"]
[Date "2019.08.17"]
[WhiteElo "2750"]
[BlackElo "2764"]
[PlyCount "61"]

1. e4 {} d5 2. exd5 Qxd5 3. Nc3 Qa5 4. d4 Nf6 5. Nf3 Bf5 6. Bd2 ({
Predecessor:} 6. Bc4 e6 {1/2-1/2 (45) Joao,N (2575)-Stephan,J (2575) ICCF
email 2012} )e6 {B01: Scandinavian Defence} 7. Bc4 {[#] aiming for Nd5.} Bb4 8. a3 Bxc3 $1 9. Bxc3 Qb6 10. d5 $146 (10. b3 Nbd7 11. 0-0 0-0 12. h3 Be4 13. Re1 Qc6 14. Ne5 Nxe5 15. dxe5 {1/2-1/2 (71) Nepomniachtchi,I (2763)
-Kovalenko,I (2657) St Petersburg 2018} )exd5 11. Bxd5 {Qe2+ is the
strong threat.} Be6 12. Bxe6 Qxe6+ 13. Qe2 Qxe2+ 14. Kxe2 Nbd7 15. Rhe1 0-0-0 16. Kf1 h6 17. Re7 Rhf8 18. Bxf6 Nxf6 {The position is equal.} 19. Ne5 Rfe8 20. Rxe8 Rxe8 21. Nxf7 $11 { Endgame KRN-KRN} Ng4 22. f3 Ne3+ $1 23. Kf2 Nxc2 24. Rc1 Re7 25. Rxc2 {[#] And now Nd6+ would win.} Rxf7 {KR-KR} 26. Ke3 Kd7 27. Rd2+ Ke7 28. Rc2 Kd7 29. Rd2+ Ke7 30. Rc2 Kd7 31. Rd2+ {Accuracy:
White = 62%, Black = 100%.} 1/2-1/2

[Event "7th Sinquefield Cup GCT 2019"]
[White "Anand, Viswanathan"]
[Black "Carlsen, Magnus"]
[Site "Saint Louis"]
[Round "2.1"]
[Annotator "TA"]
[Result "1/2-1/2"]
[Date "2019.08.18"]
[WhiteElo "2756"]
[BlackElo "2882"]
[PlyCount "89"]

1. e4 {} c5 2. Nf3 Nc6 3. Bb5 g6 4. Bxc6 bxc6 5. d4 Bg7 6. dxc5 {B31: Sicilian: 2...Nc6 3 Bb5 g6} Qa5+ 7. Nbd2 Qxc5 (7... Ba6 8. a3 Qxc5 9. c4 Nh6 10. b4 Qh5 11. Rb1 f5 12. exf5 0-0 13. fxg6 Qxg6 {1-0 (43) So,W (2765)-Maze,S (2596) Caleta 2019} )8. 0-0 d6 9. Re1 f6 10. a3 $146 ({Predecessor:} 10. c4 Nh6 11. Qa4 Ng4 12. Re2 Bd7 13. h3 {1/2-1/2 (21)
Antal,G (2546)-Markos,J (2568) Slovakia 2019} )Nh6 11. b4 Qh5 12. c4 0-0 13. Qa4 Bd7 14. Nf1 Nf7 15. Ng3 Qg4 16. c5 e5 17. cxd6 {The position is equal.} c5 18. Qb3 cxb4 19. axb4 Qe6 20. Qxe6 Bxe6 21. Be3 a6 22. Rec1 Rfd8 23. Nd2 Bf8 24. Nc4 Rac8 25. Bc5 Bxc4 26. Rxc4 Nxd6 27. Rcc1 $1 Rc6 28. f3 Nb5 29. Bxf8 Rxc1+ 30. Rxc1 {[#] aiming for Be7.} Kxf8 $11 { Endgame KRN-KRN} 31. Nf1 Nd4 {And now ...Ne2+ would win.} 32. Rc4 Ke7 33. Ne3 Kd6 34. Rc5 Nc6 35. Rd5+ Ke7 36. b5 axb5 37. Rxb5 Rb8 38. Rxb8 Nxb8 {KN-KN} 39. Kf2 Ke6 40. g3 Nd7 41. Nc4 Nc5 42. Ke3 Nd7 43. Kf2 Nc5 44. Ke3 Nd7 45. Kf2 {Accuracy: White = 87%,
Black = 76%.} 1/2-1/2

[Event "7th Sinquefield Cup GCT 2019"]
[White "Caruana, Fabiano"]
[Black "Nepomniachtchi, Ian"]
[Site "Saint Louis"]
[Round "2.2"]
[Annotator "TA"]
[Result "1/2-1/2"]
[Date "2019.08.18"]
[WhiteElo "2818"]
[BlackElo "2774"]
[PlyCount "70"]

1. e4 {} c5 2. Nf3 d6 3. d4 cxd4 4. Nxd4 Nf6 5. Nc3 a6 6. h3 e5 7. Nb3 Be7 {B90: Sicilian Najdorf: Unusual White 6th moves, 6 Be3 Ng4 and 6 Be3 e5} (7... Be6 8. f4 exf4 9. Bxf4 Nc6 10. Qe2 Be7 11. 0-0-0 Qc7 12. g4 0-0 13. g5 Nd7 14. Qe3 Rac8 15. Kb1 {1-0 (60) Van Foreest,J (2612)-Nepomniachtchi,I (2763)
Wijk aan Zee 2019} )8. g4 b5 9. g5 Nfd7 {White is slightly better.} 10. h4 $146 (10. Be3 $14 )({Predecessor:} 10. Nd5 0-0 11. h4 Nb6 12. f4 exf4 13. Bxf4 Nc6 14. Bg2 Ne5 15. Nd4 Nxd5 16. exd5 {0-1 (40) Karthikeyan,M (2513)-Donchenko,A 
(2583) Biel 2016} )Nb6 11. Be3 Be6 12. Bxb6 Qxb6 13. Qf3 b4 14. Nd5 Bxd5 $1 15. exd5 Nd7 16. 0-0-0 a5 {} 17. Kb1 a4 18. Nd2 Nc5 19. Bd3 b3 20. cxb3 axb3 21. a3 Ra4 22. Ne4 Nxe4 23. Bxe4 0-0 24. Rhg1 Qa7 25. h5 g6 26. Rd3 Rb8 27. hxg6 hxg6 28. Qg2 $2 {[#]} (28. Rh1 $11 {and White
has nothing to worry.} Bxg5 29. Qg2 )Bf8 $2 (28... Rxa3 $1 $19 { ( -> ...Ra1#)} 29. bxa3 Qxa3 )29. f3 {The position is equal.} Rc4 30. Rh1 Qc7 31. Qh2 {} Bg7 32. Qe2 Bf8 33. Qh2 {} Bg7 34. Qe2 Bf8 35. Qh2 {} Bg7 {Accuracy: White
= 50%, Black = 72%.} 1/2-1/2

[Event "7th Sinquefield Cup GCT 2019"]
[White "Karjakin, Sergey"]
[Black "Ding, Liren"]
[Site "Saint Louis"]
[Round "2.3"]
[Annotator "TA"]
[Result "1/2-1/2"]
[Date "2019.08.18"]
[WhiteElo "2750"]
[BlackElo "2805"]
[PlyCount "70"]

1. e4 {} e5 2. Nf3 Nc6 3. Bb5 a6 4. Ba4 Nf6 5. 0-0 Be7 6. Re1 b5 7. Bb3 0-0 8. c3 d5 9. exd5 Nxd5 10. Nxe5 Nxe5 11. Rxe5 c6 12. d3 Bd6 13. Re1 Bf5 14. Qf3 Qh4 {C89: Closed
Ruy Lopez: Marshall Attack} 15. g3 Qh3 16. Be3 Bxd3 {White is slightly better.} 17. Nd2 Qf5 18. Bd4 Rfd8 19. a4 h6 20. h4 Rac8 21. axb5 axb5 22. Bxd5 cxd5 {[#]
} 23. Ra5 $146 ({Predecessor:} 23. Qxf5 Bxf5 {1/2-1/2 (37) So,W (2799)-Ding,L 
(2769) Berlin 2018} )Qxf3 24. Nxf3 Re8 25. b4 f6 26. Ra6 Bf8 27. Ra7 (27. Rea1 {seems wilder.} Bh7 28. Ne1 Rc4 29. Rd1 Rcc8 30. Ng2 )Ra8 28. Rxe8 Rxe8 29. h5 Be2 30. Kg2 Bd6 31. Rd7 Re6 32. Bc5 Be5 (32... Bxc5 $11 {keeps the
balance.} 33. bxc5 Bxf3+ 34. Kxf3 Re4 )33. Bd4 ({Don't play} 33. Rxd5 Bxc3 34. Nd4 Bxd4 $11 )({Of course not} 33. Nxe5 Rxe5 34. Rd8+ Kh7 $11 )Bd6 34. Bc5 Be5 35. Bd4 Bd6 {Accuracy: White = 55%, Black = 70%.} 1/2-1/2

[Event "7th Sinquefield Cup GCT 2019"]
[White "Giri, Anish"]
[Black "Aronian, Levon"]
[Site "Saint Louis"]
[Round "2.4"]
[Annotator "TA"]
[Result "1/2-1/2"]
[Date "2019.08.18"]
[WhiteElo "2779"]
[BlackElo "2765"]
[PlyCount "105"]

1. e4 {} e5 2. Nf3 Nc6 3. Bc4 Nf6 4. d3 Bc5 5. 0-0 d6 6. c3 a6 7. a4 0-0 8. Nbd2 {C54:
Giuoco Piano: 4 c3 Nf6, main lines with 5 d4 and 5 d3} Ba7 9. h3 h6 10. Re1 {
The position is equal.} Re8 11. b4 Be6 12. Bxe6 Rxe6 13. Qc2 Qd7 14. Nf1 d5 15. Be3 {[#]} d4 $146 ({Predecessor:} 15... Bxe3 16. Nxe3 {1-0 (41) Anand,V (2786)
-So,W (2812) Leuven 2017} )16. cxd4 Nxd4 17. Bxd4 Bxd4 18. Nxd4 Qxd4 19. Qxc7 Qxd3 20. Qxb7 Qd8 {[#] White must now prevent ...Rb6.} 21. Red1 Qb8 22. Qxb8+ Rxb8 23. f3 Rxb4 24. Ne3 g6 25. a5 Rb5 26. Rdb1 Rc5 27. Rb6 Kf8 28. Ra2 h5 29. h4 Nd7 30. Rb7 Rc1+ 31. Kh2 Nc5 32. Rb8+ Re8 33. Rb6 Re6 34. Nd5 Rxb6 35. axb6 $14 { Endgame KRN-KRN} Rb1 $1 36. Ra5 Nd7 (36... Rb5 $14 37. b7 Nxb7 38. Rxa6 Nc5 39. Ra8+ Kg7 )37. Rxa6 $16 Rb2 38. Kg1 Kg7 39. Kh2 (39. Kf1 $18 )Kf8 $1 40. Kg3 Kg7 41. Kh3 Kf8 42. g4 hxg4+ 43. fxg4 Nc5 (43... Kg8 $14 )44. Ra8+ $18 Kg7 {[#]} 45. g5 $1 Nxe4 46. Rd8 Kh7 47. Rb8 Rb5 (47... Kg7 $16 48. b7 Rb3+ 49. Kg2 Rg3+ 50. Kf1 Rf3+ 51. Ke1 Rb3 )48. b7 $2 (48. Nf6+ $18 Nxf6 49. gxf6 )Rb2 $1 $14 49. Ne7 {Strongly threatening Rf8.} (49. Ne3 $5 {
} )Nd6 50. Ng8 {Threatening mate with Nf6+.} Ne4 $1 51. Ne7 {
And now Rf8 would win.} Nd6 52. Nd5 (52. Nc6 $11 )Ne4 $1 53. Ne7 {
Accuracy: White = 59%, Black = 59%.} ({White should try} 53. Ne3 $1 $14 )1/2-1/2

[Event "7th Sinquefield Cup GCT 2019"]
[White "Vachier-Lagrave, Maxime"]
[Black "So, Wesley"]
[Site "Saint Louis"]
[Round "2.5"]
[Annotator "TA"]
[Result "1/2-1/2"]
[Date "2019.08.18"]
[WhiteElo "2778"]
[BlackElo "2776"]
[PlyCount "85"]

1. e4 {} e5 2. Nf3 Nc6 3. Bc4 Bc5 4. c3 Nf6 5. d3 d6 6. 0-0 a6 7. a4 {
C54: Giuoco Piano: 4 c3 Nf6, main lines with 5 d4 and 5 d3} Ba7 $146 (7... h6 8. Nbd2 0-0 9. Re1 Re8 10. Nf1 Ba7 11. Ng3 Be6 12. Bxe6 Rxe6 13. b4 d5 14. Qb3 Qd7 15. h3 Rd8 {0-1 (76) Yu,Y (2751)-Harikrishna,P (2723) Shenzhen 2019} )8. Re1 0-0 9. h3 {White has an edge.} Kh8 10. d4 Ng8 11. b4 exd4 12. cxd4 Nxb4 13. Nc3 a5 14. Bf4 f6 15. Qb3 Ne7 16. Rad1 c6 17. Bc1 d5 18. exd5 Bf5 19. dxc6 Bc2 20. cxb7 Rb8 21. Qa3 Bxd1 22. Rxd1 Nf5 23. Nb5 Nd6 $36 { Black has
good play.} 24. Bf1 Nxb5 25. axb5 Rxb7 26. Bd2 Nc2 27. Qa4 Nxd4 28. Nxd4 Qxd4 29. Qxd4 Bxd4 30. Bxa5 Bb6 31. Bxb6 Rxb6 $15 { Endgame KRR-KRB} 32. g3 g6 33. Rd7 Rfb8 34. Bc4 R8b7 (34... R6b7 $15 35. Rxb7 Rxb7 )35. Rd8+ $1 $11 Kg7 36. Bd5 $1 {The position is equal.} Rxb5 {[#] And now ...Rc7 would win.} (36... Re7 {with more complications.} 37. Rg8+ Kh6 38. Bc6 Kg5 39. f4+ Kf5 )37. Bxb7 Rxb7 {KR-KR} 38. Kg2 h5 39. h4 $1 Ra7 40. Rc8 Rb7 41. Rd8 Ra7 42. Rc8 Rb7 43. Rd8 {Accuracy: White = 59%, Black = 63%.} 1/2-1/2

[Event "7th Sinquefield Cup GCT 2019"]
[White "Mamedyarov, Shakhriyar"]
[Black "Nakamura, Hikaru"]
[Site "Saint Louis"]
[Round "2.6"]
[Annotator "TA"]
[Result "1/2-1/2"]
[Date "2019.08.18"]
[WhiteElo "2764"]
[BlackElo "2743"]
[PlyCount "88"]

1. d4 {} Nf6 2. c4 e6 3. Nf3 d5 4. Nc3 Be7 5. Bf4 0-0 6. e3 c5 7. dxc5 Bxc5 8. Qc2 Nc6 9. a3 Qa5 10. 0-0-0 {} Be7 {
D37: Queen's Gambit Declined: 5 Bf4} 11. Rg1 (11. Kb1 a6 12. g4 dxc4 13. Bxc4 b5 14. g5 bxc4 15. gxf6 Bxf6 16. Ne4 Be7 17. Rhg1 Rd8 18. Rxd8+ Nxd8 19. Qxc4 {
1/2-1/2 (27) Karjakin,S (2773)-Nakamura,H (2777) Saint Louis 2018} )a6 12. g4 dxc4 13. Bxc4 b5 {} 14. g5 Nh5 $1 {} 15. Bd3 b4 $146 ({Predecessor:} 15... Nxf4 16. Bxh7+ Kh8 17. Be4 Ng6 18. Bxc6 Rb8 19. Rd4 Kg8 20. Be4 b4 {1/2-1/2 (20) Hansen,M (2368)-Hoffmann,F 
(2332) ICCF email 2010} )16. Bxh7+ Kh8 17. Be4 bxc3 18. Bxc6 cxb2+ 19. Kb1 Qxa3 { [#]} 20. Qxb2 Qxb2+ 21. Kxb2 Ra7 $1 22. Bd6 Bxd6 23. Rxd6 Bb7 24. Ne5 Bxc6 25. Rxc6 Rb8+ 26. Kc2 a5 27. Rb1 Rd8 28. Rbb6 Kh7 29. f4 Rda8 30. Kb3 a4+ 31. Ka3 f6 32. Nf3 Rd7 {Hoping for ...Rd3+.The position is
equal.} 33. Rd6 Rxd6 34. Rxd6 Rc8 {And now ...Rc3+ would win.} 35. gxf6 gxf6 {
...Rc3+ is the strong threat.} 36. Rxe6 Nxf4 37. exf4 {[#] Threatens to win
with Nd4.} Rc3+ 38. Kxa4 {aiming for Nd2.} Rxf3 39. Rxf6 $11 {
Endgame KR-KR} Kg7 40. Rb6 (40. Rf5 {is interesting.} Kg6 41. Rg5+ Kh6 42. Kb5 Rxf4 43. Rg2 )Rxf4+ 41. Rb4 Rxb4+ 42. Kxb4 Kg6 43. h3 Kh5 44. h4 Kxh4 {
Accuracy: White = 61%, Black = 88%.} 1/2-1/2

[Event "7th Sinquefield Cup GCT 2019"]
[White "Aronian, Levon"]
[Black "Anand, Viswanathan"]
[Site "Saint Louis"]
[Round "3.1"]
[Annotator "TA"]
[Result "1/2-1/2"]
[Date "2019.08.19"]
[WhiteElo "2765"]
[BlackElo "2756"]
[PlyCount "83"]

1. e4 {} e5 2. Nf3 Nc6 3. Bc4 Bc5 4. d3 Nf6 5. 0-0 h6 6. c3 d6 7. Re1 0-0 8. h3 a6 {C54: Giuoco Piano: 4 c3 Nf6, main lines with 5 d4 and 5 d3
} 9. a4 a5 10. d4 Bb6 {The position is equal.} (10... Ba7 11. Bb3 Re8 12. Bc2 Bd7 13. Na3 Qc8 14. Nb5 Bb6 15. Bb1 exd4 16. cxd4 {0-1 (34) Giri,A (2797)
-Karjakin,S (2753) Shamkir 2019} )11. Be3 exd4 $146 ({Predecessor:} 11... Nxe4 12. d5 Bxe3 13. Rxe3 Nc5 14. dxc6 bxc6 {0-1 (37) Uzun,M-Kiziltas,I (1553)
Konya 2017} )12. cxd4 d5 ({Not} 12... Nxe4 13. d5 $16 )13. exd5 Nxd5 14. Bxd5 Qxd5 15. Nc3 Qd8 16. d5 Bxe3 17. dxc6 Qxd1 18. Raxd1 Bc5 19. Ne5 {And now cxb7
would win.} bxc6 20. Nxc6 Bb7 21. Ne7+ Kh7 22. Rd7 Bd6 23. Rd1 Rab8 24. Nb5 Bxe7 25. Rxe7 Bc6 26. Nc3 Rb4 27. Rxc7 Bxa4 28. Nxa4 Rxa4 $11 {
Endgame KRR-KRR} 29. Rb7 Rf4 30. g3 Rf6 31. Rb5 Ra8 32. Ra1 Rc8 33. Raxa5 Rc2 34. Rf5 {Threatening Rxf6.} Rxb2 35. Rxf6 gxf6 {KR-KR} 36. Ra4 Rb3 37. Kg2 Kg7 38. Rg4+ Kh7 39. Rf4 Kg7 40. Rg4+ Kh7 41. Rf4 Kg7 42. Rg4+ {Accuracy: White =
84%, Black = 82%.} 1/2-1/2

[Event "7th Sinquefield Cup GCT 2019"]
[White "Carlsen, Magnus"]
[Black "Caruana, Fabiano"]
[Site "Saint Louis"]
[Round "3.2"]
[Annotator "TA"]
[Result "1/2-1/2"]
[Date "2019.08.19"]
[WhiteElo "2882"]
[BlackElo "2818"]
[PlyCount "85"]

1. d4 {} Nf6 2. c4 e6 3. Nf3 d5 4. Nc3 dxc4 5. e4 Bb4 6. Bxc4 {D24: Queen's
Gambit Accepted: 3 Nf3 Nf6 4 Nc3} Nxe4 7. 0-0 Nf6 8. Qa4+ Nc6 9. Ne5 Bd6 $146 ({Predecessor:} 9... Rb8 10. d5 exd5 11. Nxd5 Nxd5 12. Nxc6 bxc6 13. Qxc6+ Qd7 14. Qxd5 {1/2-1/2 (31) Mamedyarov,S (2817)-Caruana,F (2832) Germany 2019} )10. Nxc6 bxc6 11. Qxc6+ Bd7 12. Qf3 0-0 13. Bg5 h6 14. Bh4 Rb8 15. b3 Rb6 16. Ne4 {
} Be7 17. Nxf6+ Bxf6 18. Bxf6 Qxf6 19. Qxf6 gxf6 20. d5 e5 21. Rfc1 a5 22. Be2 c6 23. dxc6 Rxc6 24. Rxc6 Bxc6 $14 { Endgame KRB-KRB} 25. Rc1 Bd7 26. Rc5 Ra8 27. f4 exf4 28. Bf3 Ra6 29. Kf2 { White has
compensation.} (29. Rd5 $5 {} Ra7 30. Rd4 $14 )Be6 {The
position is equal.} 30. Be2 Ra8 31. Bf3 Ra6 32. Bb7 Ra7 33. Be4 Kg7 34. Kf3 a4 35. Bc2 (35. Rc3 {seems wilder.} axb3 36. axb3 Ra5 37. Bd3 Ra2 38. Bc2 )axb3 36. Bxb3 Rb7 37. Kxf4 Bxb3 38. axb3 Rxb3 $11 {KR-KR} 39. g3 Rb4+ 40. Kf3 Rb3+ 41. Kf4 Rb4+ 42. Kf3 Rb3+ 43. Kf4 {Accuracy: White = 62%, Black = 66%.} 1/2-1/2

[Event "7th Sinquefield Cup GCT 2019"]
[White "Ding, Liren"]
[Black "Vachier-Lagrave, Maxime"]
[Site "Saint Louis"]
[Round "3.3"]
[Annotator "TA"]
[Result "1/2-1/2"]
[Date "2019.08.19"]
[WhiteElo "2805"]
[BlackElo "2778"]
[PlyCount "99"]

1. d4 {} Nf6 2. c4 g6 3. Nc3 d5 4. cxd5 Nxd5 5. Bd2 Bg7 6. e4 Nb6 7. Be3 0-0 8. Be2 Nc6 {} 9. Nf3 Bg4 10. d5 Na5 {D90: Grünfeld: 4 Nf3 Bg7 sidelines} (10... Bxf3 11. gxf3 Ne5 12. Qb3 c5 13. f4 c4 14. Qc2 Nd3+ 15. Bxd3 cxd3 16. Qxd3 Rc8 17. Bd4 Bxd4 18. Qxd4 Nc4 19. b3 Nd6 20. 0-0 {1/2-1/2 (39) So,W (2812)
-Topalov,V (2749) Paris 2017} )11. Bd4 Bxf3 12. gxf3 {[#] Threatens to win
with Bxg7.} Qd6 13. Bxg7 Kxg7 14. Qd2 {Hoping for Nb5.} Qf6 15. h4 Nac4 16. Qc1 {[#]} c6 $146 ({Predecessor:} 16... e5 17. Nd1 Nd6 18. h5 g5 19. Ne3 Qe7 {
0-1 (43) Nikolov,M (2550)-Navara,D (2708) Rijeka 2010} )17. h5 Kg8 18. a4 {
aiming for a5.} a5 19. dxc6 bxc6 20. Nd1 {Strongly threatening hxg6.} Nd6 21. Ne3 Qd4 22. Ng4 (22. Ra3 $14 )f5 $132 { The position is equal.
Black has counterplay} ({Much worse is} 22... Nxa4 $6 23. hxg6 fxg6 24. e5 $16 (24. Qh6 Qb4+ 25. Kf1 Rf7 $18 ))23. Nh6+ $1 Kg7 $1 24. hxg6 hxg6 {[#]} 25. Nxf5+ $1 {} Nxf5 26. exf5 Rxf5 27. Qh6+ Kf6 28. Rd1 Qf4 29. Qh4+ (29. Bd3 {is more complex.} Re5+ 30. Kf1 Qxh6 31. Rxh6 Rg8 32. Rc1 )Qxh4 30. Rxh4 Nd5 31. Rc4 Nb4 32. f4 g5 33. fxg5+ Rxg5 34. Bf3 Rg1+ 35. Ke2 Rxd1 36. Kxd1 { Endgame KRB-KRN} Ra6 37. Kd2 Ke5 38. Re4+ Kd6 39. Rd4+ Nd5 40. Rh4 Ra8 41. Rh6+ Kc5 42. Re6 Rf8 43. Bxd5 $1 Rxf2+ 44. Kc3 cxd5 45. Rxe7 {
KR-KR} d4+ 46. Kd3 Rf3+ 47. Kc2 $1 Rf2+ 48. Kd3 Rf3+ 49. Kc2 Rf2+ 50. Kd3 {
Accuracy: White = 65%, Black = 69%.} 1/2-1/2